ბათუმის შოთა რუსთაველის სახელმწიფო უნივერსიტეტის ბიბლიოთეკა

ჩაუმქრალი კერა. (ბიბ.ჩანაწერი № 43928)

000 -LEADER
fixed length control field 00665nam a2200217Ia 4500
001 - CONTROL NUMBER
control field 10677
003 - CONTROL NUMBER IDENTIFIER
control field GE_BSU
008 - FIXED-LENGTH DATA ELEMENTS--GENERAL INFORMATION
fixed length control field 181216s||||||||xx |||||||||||||| ||und||
040 ## - CATALOGING SOURCE
Transcribing agency GE_BSU
080 ## - UNIVERSAL DECIMAL CLASSIFICATION NUMBER
Universal Decimal Classification number 821.353.1-31
100 ## - MAIN ENTRY--PERSONAL NAME
Personal name ფაღავა,იუსუფ
245 ## - TITLE STATEMENT
Title ჩაუმქრალი კერა.
245 ## - TITLE STATEMENT
Remainder of title რომანი.
245 ## - TITLE STATEMENT
Statement of responsibility, etc. რედ.ნ.ნოღაიდელი;მხატვ.დ.ინაიშვილი.
260 ## - PUBLICATION, DISTRIBUTION, ETC.
Place of publication, distribution, etc. ბათუმი.
260 ## - PUBLICATION, DISTRIBUTION, ETC.
Name of publisher, distributor, etc. სახელგამი.
260 ## - PUBLICATION, DISTRIBUTION, ETC.
Date of publication, distribution, etc. 1959.
300 ## - PHYSICAL DESCRIPTION
Extent 264გვ;20სმ.
653 ## - INDEX TERM--UNCONTROLLED
Uncontrolled term ჩაუმქრალი კერა.
942 ## - ADDED ENTRY ELEMENTS (KOHA)
Koha item type წიგნი
ეგზემპლარები
Withdrawn status Lost status Damaged status Not for loan Date acquired Barcode Date last seen Price effective from Koha item type
        2018-12-17 34938 2018-12-17 2018-12-17 წიგნი
        2018-12-17 34939 2018-12-17 2018-12-17 წიგნი